| 000 | 00998nam0a2200301 i 4500 | ||
|---|---|---|---|
| 001 | RU\NLR\BIBL_A\011244534 | ||
| 005 | 20260419063452.0 | ||
| 010 |
_a9785699911288 _93000 |
||
| 021 |
_aRU _b2016-74584 _94837 |
||
| 035 | _a(NLR Aleph) 011244534 | ||
| 090 |
_a12135941 _c12135941 |
||
| 100 | _a20161014d2016 u y0rusy50 ca | ||
| 101 | 0 | _arus | |
| 102 | _aRU | ||
| 105 | _aa|||z|||000ay | ||
| 200 | 1 |
_aАнгелы сирийского неба _fАлександр Тамоников |
|
| 210 |
_aМосква _cЭксмо _d2016 |
||
| 215 |
_a316, [2] с. _d17 |
||
| 225 | 1 | _aПрезидентский спецназ | |
| 225 | 1 |
_aПрезидентский спецназ _eновый Афган |
|
| 333 | _a16+ | ||
| 686 | 2 | _aШ6(2=Р)8-446 | |
| 700 | 1 |
_7ca _8rus _aТамоников _bА. А. _f1959-2021 _gАлександр Александрович _957647 _3RU\NLR\AUTH\7774719 |
|
| 942 | _cBOOK | ||
| 980 | _aNBR | ||